000 00739nam a22002890a 4500
001 PT52179
003 AR-LpoUNG
005 20210131231457.0
008 191001s2006||||ag |||||||||||||||||spa d
020 _a9789500727803
_c$37
040 _aAR-LpoUNG
_bspa
_cAR-LpoUNG
_eaacr
041 _aspa
044 _aag
082 0 _aA863 828bol
100 1 _aMorales, Bruno
245 1 0 _aBolivia construcciones
250 _a3era. ed.
260 _aBuenos Aires :
_bSudamericana ,
_cdiciembre 2006.
300 _a202 p. :
_bil., gráfs.
650 4 _aARGENTINA
650 4 _aLITERATURA
650 4 _aNOVELAS
651 4 _aDOCUMENTOS TEORICOS O METODOLOGICOS
653 _aLITERATURA ARGENTINA
905 _a52179
942 _cLIB
999 _c10290
_d10290